[Event "16th Vienna Open"]
[Site "Vienna AUT"]
[Date "2009.08.20"]
[Round "6"]
[White "Ruecker,Be"]
[Black "Stanec,N"]
[Result "0-1"]
[WhiteElo "2258"]
[BlackElo "2532"]

1.Nf3 g6 2.c4 Bg7 3.d4 Nf6 4.Nc3 O-O 5.e4 d6 6.Be2 Nbd7 7.O-O e5 8.Be3 Ng4
9.Bg5 f6 10.Bc1 Nh6 11.d5 Nf7 12.Ne1 f5 13.exf5 gxf5 14.f4 exf4 15.Bxf4 Nde5
16.Qd2 Bd7 17.Be3 Qe7 18.Nc2 Rae8 19.Rae1 Qh4 20.g3 Qh3 21.Nd4 Ng4 22.Bxg4 Qxg4
23.Bf4 Ne5 24.b3 a6 25.Nd1 Qg6 26.Kg2 Kh8 27.a4 Ng4 28.Nf2 Nxf2 29.Qxf2 Re4
30.Rxe4 fxe4 31.Qe3 Kg8 32.a5 Re8 33.Rf2 Qh5 34.Rd2 Bh3+ 35.Kg1 Bg4 36.h4 Bd7
37.b4 Qf7 38.Kh2 Bf6 39.b5 Qg6 40.b6 cxb6 41.axb6 Rc8 42.Rc2 Bd8 43.Qb3 h6
44.Qb4 Be7 45.Nb3 Rf8 46.Rg2 Bg4 47.Nd4 Kh7 48.Nc6 bxc6 49.dxc6 Bf3 50.b7 Bxg2
51.Kxg2 e3 52.c7 Qe4+ 53.Kh2 Rxf4 54.gxf4 Qxf4+ 55.Kg2 Qf2+ 56.Kh3 Qxh4+
57.Kg2 Qg4+ 58.Kh2 Qf4+ 59.Kg2 Qe4+ 60.Kh2 Bf6 61.c8=Q Be5+ 62.Kg1 Qg6+ 63.Kf1 Qd3+
64.Kg2 Qe2+ 65.Kh3 Qf3+ 66.Kh4 Bf6+  0-1

[Event "Open A"]
[Site "Panevezys LTU"]
[Date "2009.08.21"]
[Round "7"]
[White "Malinin,Y"]
[Black "Daulyte,D"]
[Result "1-0"]
[WhiteElo "2319"]
[BlackElo "2268"]

1.d4 Nf6 2.c4 g6 3.Nc3 Bg7 4.e4 d6 5.Nf3 O-O 6.Be2 e5 7.d5 a5 8.Bg5 h6 9.Bh4 g5
10.Bg3 Nh5 11.h4 g4 12.Nh2 Nxg3 13.fxg3 h5 14.O-O Na6 15.Bd3 c6 16.Kh1 Qb6
17.Qe2 Nb4 18.Bb1 a4 19.a3 Na6 20.Nxa4 Qb3 21.Nc3 Nb4 22.Rf2 b5 23.cxb5 cxd5
24.exd5 f5 25.a4  1-0

[Event "16th Vienna Open"]
[Site "Vienna AUT"]
[Date "2009.08.21"]
[Round "7"]
[White "Moradiabadi,E"]
[Black "Kovalev,An"]
[Result "1/2-1/2"]
[WhiteElo "2542"]
[BlackElo "2533"]

1.d4 Nf6 2.c4 g6 3.Nc3 Bg7 4.e4 d6 5.Nf3 O-O 6.Be2 e5 7.Be3 Ng4 8.Bg5 f6
9.Bh4 g5 10.Bg3 Nh6 11.h3 exd4 12.Nxd4 Nc6 13.O-O Nxd4 14.Qxd4 f5 15.Qd5+ Kh8
16.f3 f4 17.Bf2 c6 18.Qd2 Nf7 19.Rfd1 Qa5 20.Rab1 Be6 21.b4 Qe5 22.Rbc1 Rfd8
23.b5  1/2-1/2

[Event "6th Open"]
[Site "Kalamaria GRE"]
[Date "2009.08.22"]
[Round "1"]
[White "Arun Prasad,S"]
[Black "Loukopoulos,S"]
[Result "1-0"]
[WhiteElo "2556"]
[BlackElo "2087"]

1.d4 Nf6 2.c4 g6 3.Nc3 Bg7 4.e4 d6 5.Nf3 O-O 6.Be2 Nbd7 7.O-O e5 8.Re1 c6
9.Bf1 Qe7 10.Rb1 h6 11.d5 c5 12.b4 cxb4 13.Rxb4 Nc5 14.Nd2 Nfd7 15.Rb1 Bf6
16.g3 Kh7 17.Nb3 h5 18.Be3 b6 19.h4 Ba6 20.Qc1 Bg7 21.Qa3 Bc8 22.Nxc5 bxc5
23.Nb5 a6 24.Nc3 f5 25.exf5 gxf5 26.Bg5 Qf7 27.Nb5 axb5 28.Qxa8 bxc4 29.Bxc4 e4
30.Be2 Be5 31.f4 exf3 32.Bxf3 c4 33.Kg2 c3 34.Qc6 Qg6 35.Rbc1 f4 36.Be4  1-0

[Event "ch-SCCF State"]
[Site "Los Angeles USA"]
[Date "2009.08.22"]
[Round "5"]
[White "Kretchetov,A"]
[Black "Peters,Ja"]
[Result "1-0"]
[WhiteElo "2365"]
[BlackElo "2385"]

1.Nf3 Nf6 2.c4 g6 3.Nc3 Bg7 4.d4 d6 5.e4 O-O 6.Be2 Na6 7.O-O e5 8.d5 Nc5
9.Qc2 a5 10.Bg5 h6 11.Be3 b6 12.Nd2 h5 13.a3 Ng4 14.Bxg4 hxg4 15.b4 Nd7 16.Rfc1 f5
17.f3 f4 18.Bf2 Nf6 19.Bh4 Bh6 20.Bxf6 Rxf6 21.c5 dxc5 22.bxc5 Bf8 23.d6 c6
24.Nc4 bxc5 25.Rd1 gxf3 26.gxf3 Rb8 27.Na4 Rb5 28.d7 Bxd7 29.Nxe5 Rd6 30.Rxd6 Qg5+
31.Kh1 Qxe5 32.Qa2+  1-0

[Event "5th Geller Mem Open A"]
[Site "Odessa UKR"]
[Date "2009.08.22"]
[Round "3"]
[White "Reshetkov,K"]
[Black "Chepel,N"]
[Result "0-1"]
[WhiteElo "2168"]
[BlackElo "2304"]

1.d4 Nf6 2.c4 g6 3.Nc3 Bg7 4.e4 d6 5.Nf3 O-O 6.Be2 e5 7.O-O exd4 8.Nxd4 Re8
9.f3 Nbd7 10.Bg5 c6 11.Nb3 Qe7 12.Qd2 Nc5 13.Rfd1 Ne6 14.Bh4 Nxe4 15.Bxe7 Nxd2
16.Rxd2 Rxe7 17.Rxd6 Nf8 18.Kf2 Bf5 19.Nd4 Bd7 20.f4 Rae8 21.Bf3 Bxd4+ 22.Rxd4 Ne6
23.Rd2 Nxf4 24.h4 Bf5 25.Rad1 h5 26.b4 Re3 27.Na4 Nd3+ 28.Kg3 Nxb4  0-1

[Event "RUS-CHN Match w Rapid"]
[Site "Sochi RUS"]
[Date "2009.08.22"]
[Round "9"]
[White "Zhao Xue"]
[Black "Romanko,M"]
[Result "0-1"]
[WhiteElo "2544"]
[BlackElo "2447"]

1.d4 Nf6 2.c4 g6 3.Nc3 Bg7 4.e4 d6 5.Nf3 O-O 6.Be2 e5 7.Be3 Ng4 8.Bg5 f6
9.Bc1 Nc6 10.d5 Nd4 11.Nxd4 exd4 12.Nb5 f5 13.exf5 Ne5 14.Nxd4 gxf5 15.O-O f4
16.Re1 Qf6 17.Nf3 Ng6 18.Rb1 Bf5 19.Bd3 Bg4 20.h3 Bxf3 21.Qxf3 Ne5 22.Qe4 Qh4
23.Bd2 Rae8 24.Bc3 Qh5 25.Bf1 b6 26.Qc2 a5 27.Kh1 Rf6 28.Re4 Qg5 29.Rbe1 Rh6
30.Qc1 Rf8 31.Qc2 Nf3 32.Bxg7 Rxh3+  0-1

[Event "XXVI Open A"]
[Site "Collado Villalba ESP"]
[Date "2009.08.23"]
[Round "3"]
[White "Rodriguez Aguilera,Au"]
[Black "Ananian,A"]
[Result "1/2-1/2"]
[WhiteElo "1967"]
[BlackElo "1790"]

1.d4 Nf6 2.c4 g6 3.Nc3 Bg7 4.e4 d6 5.Nf3 O-O 6.Be2 e5 7.d5 Bg4 8.O-O Nbd7
9.h3 Bxf3 10.Bxf3 Qe7 11.Be3 c5 12.dxc6 bxc6 13.Qd2 Nb6 14.Bxb6 axb6 15.Rfd1 Rfd8
16.b4 d5 17.cxd5 Qxb4 18.Rab1 Qa5 19.Qe3 c5 20.Rb5 Qa7 21.a4 Ne8 22.Be2 Nd6
23.Rbb1 Qa5 24.Bb5 f5 25.f3 Bh6 26.Qxh6 Qxc3 27.Bc6 Rab8 28.exf5 Nxf5 29.Qg5 Rd6
30.Qd2 Nd4 31.Bb5 Nxb5 32.Rxb5 Qd4+ 33.Qxd4 exd4 34.a5 Rxd5 35.axb6 Rd6 36.Rxc5 Rbxb6
37.Rc4 d3 38.Rc3 d2 39.Rc2 Rb7 40.Rdxd2 Rxd2 41.Rxd2  1/2-1/2

[Event "Open A"]
[Site "Panevezys LTU"]
[Date "2009.08.23"]
[Round "9"]
[White "Bieliauskas,M"]
[Black "Kuvsinov,A"]
[Result "1/2-1/2"]
[WhiteElo "2144"]
[BlackElo "1984"]

1.d4 d6 2.Nf3 Nf6 3.c4 g6 4.Nc3 Bg7 5.e4 O-O 6.Be2 e5 7.dxe5 dxe5 8.Qxd8 Rxd8
9.Bg5 Re8 10.Nd5 Nxd5 11.cxd5 f6 12.Be3 Bf8 13.Rc1 Bd6 14.Nd2  1/2-1/2

[Event "16th Vienna Open"]
[Site "Vienna AUT"]
[Date "2009.08.23"]
[Round "9"]
[White "Demuth,A"]
[Black "Thiede,L"]
[Result "1/2-1/2"]
[WhiteElo "2339"]
[BlackElo "2452"]

1.d4 Nf6 2.c4 g6 3.Nc3 Bg7 4.e4 d6 5.Nf3 O-O 6.Be2 e5 7.O-O Na6 8.Re1 c6
9.Bf1 exd4 10.Nxd4 Ng4 11.h3 Qb6 12.hxg4 Qxd4 13.g5 Nc5 14.Bf4 Qxd1 15.Raxd1 Be5
16.g3 Ne6 17.Be3 c5 18.Rd2 Bd7 19.f4 Bd4 20.Kf2 Bc6 21.Bxd4 Nxd4 22.Ne2 Ne6
23.Bg2 Rfd8 24.Red1 b5  1/2-1/2

[Event "XXVI Open A"]
[Site "Collado Villalba ESP"]
[Date "2009.08.24"]
[Round "4"]
[White "Ubilava,E"]
[Black "Prada Lopez,M"]
[Result "1-0"]
[WhiteElo "2547"]
[BlackElo "2151"]

1.d4 Nf6 2.c4 g6 3.Nf3 Bg7 4.Nc3 O-O 5.e4 d6 6.Be2 Na6 7.O-O e5 8.Re1 c6
9.d5 c5 10.a3 Nh5 11.Bf1 Bg4 12.h3 Bxf3 13.Qxf3 f5 14.exf5 Rxf5 15.Qd1 Rf8
16.Be3 Qd7 17.g3 Nc7 18.b4 b6 19.Rb1 Ne8 20.Qa4 Qf7 21.Ne4 h6 22.Qc6 Rd8
23.a4 cxb4 24.Rxb4 Nhf6 25.Nd2 Nd7 26.a5 bxa5 27.Rb7 h5 28.Bg2 Qf5 29.Rxa7 Bh6
30.Rf1 Bxe3 31.fxe3 Qg5 32.Rxd7 Rxd7 33.Qxd7 Qxe3+ 34.Kh1  1-0

[Event "XXVI Open A"]
[Site "Collado Villalba ESP"]
[Date "2009.08.25"]
[Round "5"]
[White "Bote,V"]
[Black "Rodriguez de Robles,I"]
[Result "1-0"]
[WhiteElo "2190"]
[BlackElo "1993"]

1.Nf3 Nf6 2.c4 g6 3.Nc3 Bg7 4.e4 d6 5.d4 O-O 6.Be2 e5 7.dxe5 dxe5 8.Qxd8 Rxd8
9.Bg5 c6 10.Nxe5 Re8 11.O-O-O Nxe4 12.Nxe4 Bxe5 13.Nd6 Bxd6 14.Rxd6 Nd7 15.Be3 Nb6
16.Rhd1 Be6 17.b3 f6 18.a4 Kf7 19.Bf3 Nc8 20.R6d2 Ne7 21.g4 Rac8 22.a5 a6
23.Kb2 g5 24.Kc3 Ng6 25.h3 Ne5 26.Be2 c5 27.f4 gxf4 28.Bxf4 Nc6 29.g5 Red8
30.Bh5+ Kg7 31.gxf6+ Kxf6 32.Bd6 Nd4 33.Bf4 Bxh3 34.Rf2 Nb5+ 35.cxb5 Rxd1
36.Bxd1 axb5 37.Rd2 b4+ 38.Kc4 Be6+ 39.Kb5 Kf5 40.Be3 Bf7 41.Bxc5 Be8+ 42.Kxb4  1-0

[Event "XXVI Open A"]
[Site "Collado Villalba ESP"]
[Date "2009.08.27"]
[Round "7"]
[White "Zanoletty Garcia,D"]
[Black "Ananian,A"]
[Result "1-0"]
[WhiteElo "2014"]
[BlackElo "1790"]

1.d4 Nf6 2.Nf3 g6 3.c4 Bg7 4.Nc3 d6 5.e4 O-O 6.Be2 e5 7.d5 c6 8.O-O cxd5
9.cxd5 a6 10.Bg5 Nbd7 11.Rc1 Nc5 12.Qc2 Bd7 13.b4 Rc8 14.bxc5 Rxc5 15.Be3 Rc8
16.Nd2 b5 17.Qb3 Qa5 18.a3 Rc7 19.Qb2 Rb8 20.Nb3  1-0

[Event "XXVI Open A"]
[Site "Collado Villalba ESP"]
[Date "2009.08.28"]
[Round "8"]
[White "Gomez Peco,P"]
[Black "Rodriguez Gomez,V"]
[Result "1-0"]
[WhiteElo "2222"]
[BlackElo "1990"]

1.d4 Nf6 2.c4 g6 3.Nc3 Bg7 4.e4 d6 5.Nf3 O-O 6.Be2 e5 7.dxe5 dxe5 8.Qxd8 Rxd8
9.Bg5 Re8 10.O-O-O c6 11.Nxe5 Nxe4 12.Nxe4 Bxe5 13.Rhe1 Nd7 14.Bf3 Kf8 15.Nd6 Re6
16.Nxc8 Nc5 17.Bh6+ Kg8 18.Rd8+ Re8 19.Rxe8+  1-0

[Event "XI Sants Open"]
[Site "Barcelona ESP"]
[Date "2009.08.30"]
[Round "10"]
[White "Cruz,F"]
[Black "Gullaksen,E"]
[Result "0-1"]
[WhiteElo "2415"]
[BlackElo "2396"]

1.d4 Nf6 2.Nf3 g6 3.c4 Bg7 4.Nc3 O-O 5.e4 d6 6.Be2 Na6 7.O-O e5 8.Be3 Ng4
9.Bg5 Qe8 10.d5 f5 11.Ne1 Nf6 12.f3 f4 13.Nd3 h6 14.Bh4 g5 15.Be1 Qg6 16.Nf2 h5
17.h3 Rf7 18.c5 Nxc5 19.b4 Na6 20.Nb5 Bf8 21.Rc1 Rg7 22.Rc4 g4 23.fxg4 hxg4
24.Nxg4 Bxg4 25.Bxg4 Nxg4 26.Qxg4 Qe8 27.Qe6+ Qxe6 28.dxe6 c6 29.Nc3 Nc7
30.Bh4 Re8 31.Bf2 Rxe6 32.Bxa7 d5  0-1

[Event "ch-ISL"]
[Site "Bolungarvik ISL"]
[Date "2009.09.02"]
[Round "2"]
[White "Ornolfsson,M"]
[Black "Bjornsson,Si"]
[Result "0-1"]
[WhiteElo "2214"]
[BlackElo "2287"]

1.d4 Nf6 2.Nf3 g6 3.c4 Bg7 4.Nc3 O-O 5.e4 d6 6.Be2 e5 7.d5 a5 8.h3 Nh5 9.g4 Nf4
10.Bxf4 exf4 11.Qd2 a4 12.O-O-O c5 13.dxc6 a3 14.b3 Nxc6 15.Nd5 Be6 16.g5 Na5
17.Qb4 Nc6 18.Qd2 Bxd5 19.exd5 Ne5 20.Qxf4 b5 21.Nxe5 Bxe5 22.Qd2 bxc4 23.Bxc4 Rc8
24.f4 Bg7 25.Qd3 Qb6 26.Rh2 Rfe8 27.Re2 Qb4 28.Rxe8+ Rxe8 29.Qd2 Qc5 30.Kc2 Re4
31.Qd3 Rxf4 32.Re1 Rf2+ 33.Re2 Be5 34.Kd2 Bf4+ 35.Kc2 Bxg5  0-1

[Event "TCh-SRB 1st League"]
[Site "Kragujevac SRB"]
[Date "2009.09.02"]
[Round "2"]
[White "Milanovic,Da"]
[Black "Markus,Rob"]
[Result "1/2-1/2"]
[WhiteElo "2533"]
[BlackElo "2608"]

1.d4 Nf6 2.c4 g6 3.Nc3 Bg7 4.e4 d6 5.Be2 O-O 6.Nf3 Nbd7 7.O-O e5 8.Qc2 Ng4
9.Bg5 f6 10.Bh4 Nh6 11.Rad1 Nf7 12.b4 c6 13.c5 dxc5 14.dxe5 Qe7 15.b5 Ndxe5
16.Nxe5 Nxe5 17.bxc6 bxc6 18.Na4 g5 19.Bg3 f5 20.exf5 Bxf5 21.Qxc5 Rfe8 22.Bh5 Qxc5
23.Nxc5 Red8  1/2-1/2

[Event "TCh-SRB 1st League"]
[Site "Kragujevac SRB"]
[Date "2009.09.03"]
[Round "3"]
[White "Grujic,Z"]
[Black "Arsovic,G"]
[Result "0-1"]
[WhiteElo "2347"]
[BlackElo "2439"]

1.c4 Nf6 2.Nf3 g6 3.Nc3 Bg7 4.e4 d6 5.d4 O-O 6.Be2 e5 7.Be3 exd4 8.Nxd4 Re8
9.f3 c6 10.Bf2 a6 11.Nb3 Be6 12.O-O b5 13.c5 d5 14.exd5 Nxd5 15.Nxd5 Bxd5
16.Qc2 Qf6 17.Nd4 Nd7 18.Rfd1 Qe7 19.Bf1 Qxc5 20.Qd2 Qe7 21.Rac1 Ne5 22.b3 Rac8
23.Qa5 Qb7 24.Nc2 c5 25.Ne1 c4 26.bxc4 Nxc4 27.Bxc4 Bxc4 28.Rd6 Re6 29.Rd8+ Re8
30.Rd6 Rc6 31.Rcd1 Rxd6 32.Rxd6 Qe7 33.Qd2 Bc3  0-1

[Event "6th LGA Premium Cup"]
[Site "Nuernberg GER"]
[Date "2009.09.03"]
[Round "1"]
[White "Zeitler,H"]
[Black "Bangiev,A"]
[Result "0-1"]
[WhiteElo "2032"]
[BlackElo "2432"]

1.d4 Nf6 2.c4 d6 3.Nf3 Nbd7 4.Nc3 e5 5.e4 g6 6.Be2 Bg7 7.O-O O-O 8.Bg5 h6
9.Bxf6 Bxf6 10.dxe5 dxe5 11.Qd2 Bg7 12.Rad1 c6 13.Qd6 Re8 14.Rd2 Bf8 15.Qd3 Qf6
16.Rfd1 Nc5 17.Qc2 Ne6 18.Ne1 Bc5 19.Bf1 Ng5 20.Kh1 Bd4 21.Nd3 Be6 22.f4 exf4
23.Ne2 Be3 24.e5 Qf5 25.Nexf4 Bxd2 26.Rxd2 Rad8 27.Be2 Ne4 28.g4 Nf2+ 29.Nxf2 Qxf4  0-1

[Event "6th LGA Premium Cup"]
[Site "Nuernberg GER"]
[Date "2009.09.03"]
[Round "1"]
[White "Bodzyn,K"]
[Black "Koepke,C"]
[Result "1/2-1/2"]
[WhiteElo "1972"]
[BlackElo "2374"]

1.c4 Nf6 2.Nc3 g6 3.e4 d6 4.d4 Bg7 5.Nf3 O-O 6.Be2 e5 7.dxe5 dxe5 8.Qxd8 Rxd8
9.Bg5 Rf8 10.Nd5 Nxd5 11.cxd5 c6 12.Bc4 b5 13.Bb3 a5 14.a4 bxa4 15.Rxa4 Bb7
16.O-O Nd7 17.Be3 Nf6 18.d6 c5 19.Nxe5 Nxe4 20.Nd7 Rfe8 21.Nxc5 Nxc5  1/2-1/2

[Event "TCh-SRB 1st League"]
[Site "Kragujevac SRB"]
[Date "2009.09.04"]
[Round "4"]
[White "Ostojic,N1"]
[Black "Popovic,Du"]
[Result "0-1"]
[WhiteElo "2412"]
[BlackElo "2552"]

1.d4 Nf6 2.c4 g6 3.Nc3 Bg7 4.e4 d6 5.Be2 O-O 6.Nf3 Nbd7 7.O-O e5 8.Qc2 Re8
9.Rd1 exd4 10.Nxd4 Nc5 11.f3 Nh5 12.g4 Nf6 13.Bg5 h6 14.Bh4 c6 15.Nb3 Qe7
16.Bg3 Nxb3 17.axb3 Rd8 18.Qd2 Ne8 19.Bf2 a6 20.Bg3 Be6 21.Re1 g5 22.Rad1 b5
23.Bf1 Be5 24.Qf2 Ng7 25.Bxe5 dxe5 26.Rxd8+ Rxd8 27.Qb6 b4 28.Nd1 h5 29.Ne3 Qf6
30.Nf5 Bxf5 31.exf5 Kh7 32.Qxb4 Rd4 33.Qc5 hxg4 34.Qxe5 Qxe5 35.Rxe5 gxf3
36.h3 Rd2 37.Re3 f2+ 38.Kg2 Rxb2 39.f6 Nh5 40.Rf3 Nf4+ 41.Kg3 Kg6 42.Rxf2 Rxb3+
43.Kh2 Kf5 44.Rd2 Rf3 45.Bg2 Rc3 46.Bxc6 Rxh3+ 47.Kg1 Rc3 48.Be8 g4 49.Bxf7 g3
50.Rd1 Kxf6 51.Bd5 Rc2 52.Ra1 Kg5 53.Kf1 Rf2+ 54.Ke1 Nd3+ 55.Kd1 Rf1+ 56.Kd2 Rxa1
57.Kxd3 Kf4 58.c5 Rd1+ 59.Kc4 Rxd5  0-1

[Event "TCh-SRB 1st League"]
[Site "Kragujevac SRB"]
[Date "2009.09.04"]
[Round "4"]
[White "Laketic,G"]
[Black "Ilincic,Z"]
[Result "1/2-1/2"]
[WhiteElo "2479"]
[BlackElo "2474"]

1.d4 Nf6 2.c4 g6 3.Nc3 Bg7 4.e4 d6 5.Nf3 O-O 6.Be2 e5 7.d5 Na6 8.Nd2 Bd7
9.a3 c5 10.Rb1 Qe7 11.b4 b6 12.O-O Rfb8 13.Re1 Rb7 14.Nf1 Rc8 15.Bg5 h6 16.Be3 Kh7
17.Ng3 h5 18.h3 Bh6 19.Bxh6 Kxh6 20.Rb3 h4 21.Nf1 Kg7 22.Nd2 Rh8 23.Qc1 Nh5
24.Bxh5 Rxh5 25.Qb2 Rh8 26.Kh1 Qf6 27.Kg1 Rhb8 28.Rb1 b5 29.cxb5 Bxb5 30.Nxb5 Rxb5
31.Qc3 Qf4 32.Nc4 cxb4 33.axb4 Nc5 34.bxc5 Rxb3 35.Rxb3 Rxb3 36.Qxb3 Qc1+
37.Kh2 Qf4+  1/2-1/2

[Event "TCh-SRB 1st League"]
[Site "Kragujevac SRB"]
[Date "2009.09.05"]
[Round "5"]
[White "Miljkovic,Mir1"]
[Black "Saric,S"]
[Result "1-0"]
[WhiteElo "2467"]
[BlackElo "2418"]

1.d4 Nf6 2.c4 g6 3.Nc3 d6 4.e4 Bg7 5.Nf3 O-O 6.Be2 Na6 7.O-O e5 8.Re1 Qe8
9.Bf1 Bg4 10.d5 Nb4 11.Be2 a5 12.Be3 Na6 13.Nd2 Bd7 14.Rb1 Qe7 15.a3 c5 16.dxc6 bxc6
17.b4 axb4 18.axb4 Nxb4 19.Rxb4 d5 20.Qb3 d4 21.Bg5 dxc3 22.Qxc3 Rfb8 23.c5 h6
24.Be3 Ng4 25.Bxg4 Bxg4 26.Rb6 Rc8 27.Nc4 Rc7 28.h3 Be6 29.Nd6 Kh7 30.Reb1 Bd7
31.Rb7 Rxb7 32.Rxb7 Qe6 33.Qd2 Be8 34.Nxe8 Rxe8 35.Qd6 Kg8 36.Rc7 Bf8 37.Qxc6 Qxc6
38.Rxc6 Ra8 39.Rc7 Ra4 40.f3 Ra1+ 41.Kh2 Ra3 42.Bf2 Rc3 43.c6 Kg7 44.Rc8 Bd6
45.Bb6 Kf6 46.Bd8+ Kg7 47.Ba5 Ra3 48.Bd2 Ra2 49.Rd8 Bc7 50.Rd7 Bb8 51.Bc3  1-0

[Event "6th LGA Premium Cup"]
[Site "Nuernberg GER"]
[Date "2009.09.05"]
[Round "4"]
[White "Demel,P"]
[Black "Solonar,S"]
[Result "1/2-1/2"]
[WhiteElo "2121"]
[BlackElo "2364"]

1.Nf3 Nf6 2.c4 d6 3.d4 g6 4.Nc3 Nbd7 5.e4 e5 6.Be2 Bg7 7.O-O O-O 8.Be3 h6
9.Rc1 Ng4 10.Bd2 exd4 11.Nb5 Nc5 12.Nfxd4 Nf6 13.e5 dxe5 14.Bb4 Nfd7 15.Nb3 Nxb3
16.Qxb3 Re8 17.Rfd1 a6 18.Nc3 Bf8 19.c5 a5 20.Ba3 a4  1/2-1/2

[Event "XIX EYCC Girls U18"]
[Site "Fermo ITA"]
[Date "2009.09.06"]
[Round "6"]
[White "Savina,A"]
[Black "Agrest,I"]
[Result "0-1"]
[WhiteElo "2382"]
[BlackElo "2120"]

1.d4 Nf6 2.c4 g6 3.Nc3 Bg7 4.e4 d6 5.Nf3 O-O 6.Be2 Nbd7 7.O-O e5 8.Be3 Re8
9.d5 Nh5 10.g3 Bf8 11.Ne1 Ng7 12.Nd3 f5 13.f3 Be7 14.Qd2 Nf6 15.c5 h5 16.cxd6 cxd6
17.h4 Rf8 18.Kg2 Nh7 19.f4 fxe4 20.Nxe4 Bf5 21.Nef2 Nf6 22.fxe5 Nxd5 23.Bh6 dxe5
24.Nxe5 Bb4 25.Qd1 Kh7 26.Bf3 Kxh6 27.Bxd5 Qe7 28.Nf3 Rad8 29.Qc1+ Kh7 30.Ng5+ Kh8
31.Qc4 Rc8 32.Qb5 Rc2 33.Qxb7 Qxb7 34.Bxb7 Bd3 35.Be4 Bxf1+ 36.Rxf1 Rxb2
37.Bxg6 Nf5 38.Bxf5 Rxf5 39.Ne4 Ba5 40.Nd6 Rd5 41.Nc4 Rxa2 42.g4 hxg4 43.Ne3 Rd4
44.Rc1 Rf4 45.Rc8+ Kg7 46.Nc2 Bb6 47.Nd3 Rd4 48.Ne1 Ba5  0-1

[Event "TCh-SRB 1st League"]
[Site "Kragujevac SRB"]
[Date "2009.09.06"]
[Round "6"]
[White "Saric,S"]
[Black "Ilincic,Z"]
[Result "1/2-1/2"]
[WhiteElo "2418"]
[BlackElo "2474"]

1.d4 Nf6 2.c4 g6 3.Nc3 Bg7 4.e4 d6 5.Nf3 O-O 6.Be2 e5 7.Be3 Ng4 8.Bg5 f6
9.Bc1 Nc6 10.d5 Ne7 11.h3 Nh6 12.h4 Nf7 13.h5 g5 14.Qc2 h6 15.g4 c5 16.Nh2 Bd7
17.Nf1 Qc7 18.Ne3 Rfb8 19.O-O a6 20.Rb1 b6 21.a3 Nd8 22.b4 Nb7 23.Bd2 Nc8
24.Rb2 Bf8 25.Rfb1 Be7 26.Qd3 Qd8 27.Bd1 Qe8 28.Qe2 Bd8 29.Bc2 a5 30.Qe1 Ra6
31.Ra2 Rba8 32.b5  1/2-1/2

[Event "ch-PAR"]
[Site "Asuncion PAR"]
[Date "2009.09.08"]
[Round "3"]
[White "Morales,E"]
[Black "Valiente,C"]
[Result "0-1"]
[WhiteElo "1941"]
[BlackElo "2241"]

1.d4 g6 2.c4 Bg7 3.Nc3 d6 4.e4 Nf6 5.Nf3 O-O 6.Be2 e5 7.dxe5 dxe5 8.Qxd8 Rxd8
9.Bg5 Re8 10.Nd5 Nxd5 11.cxd5 c6 12.Rd1 cxd5 13.exd5 Nd7 14.O-O Nb6 15.Bb5 Bd7
16.Bxd7 Nxd7 17.Nd2 Rec8 18.Ne4 f6 19.Bc1 Bf8 20.b3 h6 21.h4 f5 22.Nd2 Nb6
23.Nf3 Bg7 24.Bb2 e4 25.Bxg7 Kxg7 26.Nd4 Kf6 27.d6 Rc5 28.a4 a6 29.b4 Rc4
30.Ne2 Rd8 31.a5 Nd7 32.Nf4 g5 33.hxg5+ hxg5 34.Nd5+ Ke6 35.Nc7+ Kf7 36.Rd5 Nf6
37.Rc5 Rd4 38.b5 R8xd6 39.Rxf5 Kg6 40.Re5 Nd7 41.bxa6 bxa6 42.Re6+ Rxe6 43.Nxe6 Ra4
44.Re1 Kf6 45.Nc7 Nc5 46.Nd5+ Ke5 47.Ne3 Ke6 48.Rb1 Rxa5 49.Rb6+ Kf7 50.Kh2 Ra2
51.Ng4 Nd3 52.Nh6+ Ke7 53.Ng8+ Kf8 54.Nf6 Nxf2 55.Nh7+ Ke7 56.Nxg5 e3 57.Nf3 e2
58.Rb3 Kd6 59.Kg3 Nd1 60.Rd3+ Kc5 61.Rd8 a5 62.Re8 a4 63.Ne1 a3 64.Nd3+ Kb5
65.Nc1 Rb2 66.Nxe2 a2 67.Rb8+ Ka6 68.Ra8+ Kb7 69.Ra3 Rxe2 70.Kf4  0-1

[Event "ch-PAR"]
[Site "Asuncion PAR"]
[Date "2009.09.09"]
[Round "4"]
[White "Recalde,Ar"]
[Black "Vazquez,G"]
[Result "1/2-1/2"]
[WhiteElo "1997"]
[BlackElo "1894"]

1.d4 Nf6 2.c4 d6 3.Nc3 e5 4.Nf3 Nbd7 5.e4 g6 6.Be2 Bg7 7.O-O O-O 8.d5 Ne8
9.b4 a5 10.bxa5 f5 11.a6 bxa6 12.Bg5 Nef6 13.Rb1 h6 14.Bxf6 Qxf6 15.Nd2 f4
16.Bg4 Nc5 17.Bxc8 Rfxc8 18.f3 Rcb8 19.Nb3 Nxb3 20.Rxb3 Qd8 21.Qc2 Rxb3 22.axb3 Qb8
23.Rb1 Bf8 24.b4 a5 25.bxa5 Qa7+ 26.Kf1 Qxa5 27.Rb5 Qa1+ 28.Rb1 Qa5 29.Rb5 Qa1+
30.Rb1 Qa5 31.Nb5 Qb6 32.Qf2 Qa5 33.g3 Qa2 34.Qxa2 Rxa2 35.Kg1 fxg3 36.hxg3 Rc2
37.Rb4 Rc1+ 38.Kf2 Rc2+ 39.Ke1 Rc1+ 40.Ke2 Rc2+ 41.Kd3 Rg2 42.g4 h5 43.gxh5 gxh5
44.Nxc7 h4 45.Ne6 h3 46.Rb1 h2 47.Rh1 Bh6 48.c5 dxc5 49.Kc4 Be3 50.Kd3 Bh6
51.Kc4 Be3 52.Kd3 Bh6 53.Kc4 Be3  1/2-1/2

[Event "TCh-SRB 1st League"]
[Site "Kragujevac SRB"]
[Date "2009.09.09"]
[Round "8"]
[White "Milanovic,Da"]
[Black "Damljanovic,B"]
[Result "0-1"]
[WhiteElo "2533"]
[BlackElo "2559"]

1.d4 Nf6 2.c4 g6 3.Nc3 Bg7 4.e4 d6 5.Be2 O-O 6.Nf3 e5 7.O-O Na6 8.Be3 c6
9.d5 Ng4 10.Bg5 f6 11.Bh4 c5 12.a3 Qe7 13.Rb1 Bd7 14.Ne1 Nh6 15.Nd3 Rfc8
16.Kh1 b6 17.Qd2 Nf7 18.b4 Nc7 19.Bd1 Ne8 20.f3 cxb4 21.Rxb4 Bh6 22.Qe1 Nd8
23.Ba4 Bxa4 24.Nxa4 Nc7 25.Qc3 Na6 26.Rb5 Nb7 27.Nb4 Nb8 28.Bf2 Qe8 29.Qd3 Na5
30.Bxb6 Nxc4 31.Nc6 Nxc6 32.dxc6 Qxc6 33.Rc5 Qxa4 34.Qd5+ Kh8  0-1

[Event "TCh-SRB 1st League"]
[Site "Kragujevac SRB"]
[Date "2009.09.09"]
[Round "8"]
[White "Miljkovic,Mir1"]
[Black "Cabrilo,G"]
[Result "1/2-1/2"]
[WhiteElo "2467"]
[BlackElo "2492"]

1.d4 Nf6 2.c4 d6 3.Nc3 Nbd7 4.e4 e5 5.Nf3 g6 6.Be2 Bg7 7.O-O O-O 8.Be3 h6
9.dxe5 dxe5 10.Nd2 Nh7 11.c5 Ng5 12.Rc1 Ne6 13.b4 Kh7 14.Nb3 c6 15.b5 Nf4
16.Bf3 Re8 17.Qd2  1/2-1/2

[Event "II Open"]
[Site "Sabadell ESP"]
[Date "2009.09.09"]
[Round "8"]
[White "Ipatov,A ESP"]
[Black "Martinez Duany,L"]
[Result "1/2-1/2"]
[WhiteElo "2463"]
[BlackElo "2511"]

1.d4 Nf6 2.c4 d6 3.Nc3 Nbd7 4.e4 e5 5.Nf3 g6 6.Be2 Bg7 7.O-O O-O 8.Qc2 c6
9.d5 c5 10.Bg5 h6 11.Bd2 Ne8 12.g3 Nb6 13.Nh4 Bh3 14.Ng2 f5 15.exf5 gxf5
16.f4 e4 17.Nd1 Bd4+ 18.Kh1 Rc8 19.Bc3 Rc7 20.Qd2 Qf6 21.a4 h5 22.a5 Nc8
23.Bxh5 Rh7 24.Bxe8 Rxe8 25.Nde3 Kf7 26.Rf2 Reh8 27.Rd1 Qh6 28.Nh4 Bxe3 29.Qxe3 Re8
30.b4 b6 31.Ra1 Ne7 32.axb6 axb6 33.Ra6 Nc8 34.Rb2 Qh5 35.Ra1 Kg8 36.bxc5 dxc5
37.Be5 Ree7 38.Rba2 Ra7 39.Rxa7 Rxa7 40.Rxa7 Nxa7 41.Qd2 e3 42.Qe1 b5 43.cxb5 Nxb5
44.d6 Qe8 45.Qxe3 Nxd6 46.g4 fxg4 47.f5 Nf7  1/2-1/2

[Event "TCh-SRB 1st League"]
[Site "Kragujevac SRB"]
[Date "2009.09.10"]
[Round "9"]
[White "Arsovic,Z"]
[Black "Brenjo,S"]
[Result "0-1"]
[WhiteElo "2468"]
[BlackElo "2495"]

1.Nf3 Nf6 2.c4 g6 3.Nc3 Bg7 4.e4 d6 5.d4 O-O 6.Be2 e5 7.Be3 Ng4 8.Bg5 f6
9.Bc1 exd4 10.Nxd4 f5 11.h3 Nh6 12.Bxh6 Bxh6 13.exf5 Bxf5 14.O-O Nc6 15.c5 dxc5
16.Qb3+ Kh8 17.Nxf5 gxf5 18.Qxb7 Nd4 19.Rab1 c6 20.Rfd1 a5 21.Bc4 Qh4 22.Rd3 Rae8
23.Qa7 Re5 24.Rg3 Qf6 25.Rf1 f4 26.Rg4 Bg7 27.g3 Qh6 28.Kg2 fxg3 29.fxg3 Ref5
30.Ne4 Rxf1 31.Bxf1 Nc2 32.Be2 Ne3+ 33.Kh2 Nxg4+ 34.Bxg4 Qe3 35.Qe7 Rf2+  0-1

[Event "TCh-SRB 1st League"]
[Site "Kragujevac SRB"]
[Date "2009.09.10"]
[Round "9"]
[White "Halkias,S"]
[Black "Paunovic,D"]
[Result "1-0"]
[WhiteElo "2570"]
[BlackElo "2556"]

1.d4 d6 2.Nf3 Nf6 3.c4 g6 4.Nc3 Bg7 5.e4 O-O 6.Be2 e5 7.Be3 Na6 8.O-O c6
9.Qd2 Ng4 10.Bg5 f6 11.Bh4 g5 12.Bg3 Nh6 13.Rad1 Nf7 14.h3 Qe7 15.Rfe1 Kh8
16.a3 Bh6 17.Qc2 Nc7 18.d5 c5 19.b4 b6 20.Nh2 Bg7 21.Bg4 Ba6 22.Qd3 Nh6 23.Nf1 Qe8
24.Ne3 cxb4 25.axb4 b5 26.cxb5 Bxb5 27.Nxb5 Qxb5 28.Qc3 Nxg4 29.hxg4 Na6
30.Rb1 Rfc8 31.Qa3 Rab8 32.Rec1 Bf8 33.f3 Rxc1+ 34.Rxc1 Qb7 35.Be1 Nc7 36.Nf5 Nb5
37.Qa5 Be7 38.Bf2 Bd8 39.Qa4 Bb6 40.Rc6 Bxf2+ 41.Kxf2 Rd8 42.Qa5 Qb8 43.Rc4 Re8
44.Qa6 Kg8 45.Qc6 Rd8 46.Kf1 Kf8 47.Rc5 Nd4 48.Nxd4 exd4 49.Rb5 Qc8 50.Rb7 Kg8
51.b5 d3 52.Ke1 Rf8 53.Rxa7  1-0

[Event "FSIMA September"]
[Site "Budapest HUN"]
[Date "2009.09.11"]
[Round "7"]
[White "Nguyen Thi Mai Hung"]
[Black "Lorand,N"]
[Result "1-0"]
[WhiteElo "2213"]
[BlackElo "2339"]

1.d4 Nf6 2.c4 g6 3.Nc3 Bg7 4.e4 d6 5.Nf3 O-O 6.Be2 e5 7.dxe5 dxe5 8.Qxd8 Rxd8
9.Bg5 Re8 10.Nd5 Nxd5 11.cxd5 c6 12.Bc4 Nd7 13.dxc6 bxc6 14.Rc1 Nb6 15.Bb3 Bb7
16.O-O c5 17.Nd2 Rac8 18.f3 Ba6 19.Nc4 Bxc4 20.Bxc4 h6 21.Be3 Bf8 22.Rf2 Red8
23.Rfc2 Rc7 24.Kf2 Kg7 25.Bb5 a6 26.Be2 Nd7 27.Bxa6 Rb8 28.Bc4 f5 29.exf5 gxf5
30.Ke2 Nf6 31.b3 Bd6 32.Be6 Nh5 33.Bxf5 Nf4+ 34.Kf2 Ra8 35.a4 Kf6 36.Be4 Rb8
37.Bxc5 Bxc5+ 38.Rxc5 Rxc5 39.Rxc5 Rxb3 40.Rc6+ Ke7 41.g3 Ne6 42.Bd5 Rb2+
43.Ke3 Nd4 44.Rg6 Rb4 45.a5 Rb5 46.Ke4 Rxa5 47.f4 exf4 48.Kxd4 fxg3 49.hxg3 h5
50.Ke5 Ra3 51.Kf4 Ra4+ 52.Be4 Kf7 53.Rh6 Ra5 54.Bf5 Ra4+ 55.Kg5 h4 56.Rxh4 Ra3
57.Rh7+ Kg8 58.g4 Ra6 59.Rh6 Ra5 60.Rb6 Ra7 61.Kh6 Ra8 62.g5 Ra1 63.Kg6 Ra8
64.Rc6  1-0